000 00814nam a2200205 i 4500
001 187444
003 ES-MaACL
005 20230906222927.0
008 170704s1985 sp a c |||| | spa d
080 _a688.7(460)(064.3)
245 0 0 _aDe un tiempo, de una edad
_b: el juguete español en las colecciones privadas asturianas : [exposición] /
_cMuseo de Bellas Artes de Asturias, 20 de diciembre 1985-12 enero 1986.
260 _a[Oviedo] :
_bCentro Regional de Bellas Artes,
_c[1985]
300 _a[76] p. :
_bprincipalmente il. ;
_c24 x 22 cm.
650 4 _aJuguetes-
_zEspaña-
_vExposiciones.
_9163357
655 7 _2tgfbne
_9193628
_aCatálogos de exposiciones
710 2 _aMuseo de Bellas Artes de Asturias.
_95843
852 _aES-MaACL
_jL-31776
942 _2udc
999 _c187444
_d187444